| 000 | 00454nam a22001697a 4500 | ||
|---|---|---|---|
| 999 |
_c526308 _d526308 |
||
| 003 | NUST | ||
| 020 | _qH/B | ||
| 038 | _awaseem | ||
| 082 |
_a491.4913 _bCHA |
||
| 100 |
_aChadhr, Snawar _917288 |
||
| 245 |
_aAkhana Rahin Tvareekh / _cSnawar Chadhr |
||
| 260 |
_aLahore : _bPunjabi Khoj Garh, _c2003. |
||
| 300 | _a197 p. ; | ||
| 880 |
_6100-01\r _aثناور چڈھر |
||
| 880 |
_6245-02\r _aاکھاناں راہیں تواریخ / |
||
| 942 |
_2ddc _cBK |
||